000
00295nam a2200109Ia 4500
008
230907s9999||||xx |||||||||||||| ||und||
082
_a
658.802
_b
HOO
245
0
_a
Marketing strategy and competitive positioning /
260
_a
Prentice Hall,
_b
New York :
_c
2012
300
_a
578 p.
942
_c
BK
999
_c
600113
_d
600113